№ 2; Вестник Западно-Сибирского геологического управления

書目詳細資料
Parent link:Вестник Западно-Сибирского геологического управления: [сборник статей]/ Западно-Сибирское геологическое управление. № 2.— , 1938-1945
其他作者: Рыбьев Б. А.
語言:俄语
出版: 1939
主題:
格式: 圖書
KOHA link:https://koha.lib.tpu.ru/cgi-bin/koha/opac-detail.pl?biblionumber=231882

MARC

LEADER 00000nam2a2200000 4500
001 231882
005 20231101231125.0
035 |a (RuTPU)RU\TPU\book\252911 
035 |a RU\TPU\book\252911 
035 |a RU\TPU\book\252913 
090 |a 231882 
100 |a 20130206d1939 k y0rusy50 ca 
101 0 |a rus 
102 |a RU 
105 |a a z 001zy 
200 0 |a № 2  |f отв. ред. Б. А. Рыбьев 
210 |d 1939 
215 |a 73 с.  |c ил. 
317 |5 63413507: КР-978  |a Поступила в НТБ в 2004 г. в составе книжного собрания профессора ТПИ К. В. Радугина. 
320 |a Библиогр. в конце ст. 
461 1 |0 (RuTPU)RU\TPU\book\252909  |t Вестник Западно-Сибирского геологического управления  |o [сборник статей]  |f Западно-Сибирское геологическое управление  |v № 2  |d 1938-1945 
606 1 |a Геология  |y Западная Сибирь  |2 stltpush  |3 (RuTPU)RU\TPU\subj\70290  |9 84644 
610 1 |a молибден 
610 1 |a вольфрам 
610 1 |a золотоносные месторождения 
610 1 |a каменный уголь 
610 1 |a пласты 
610 1 |a Кузнецкий бассейн 
610 1 |a бурый уголь 
610 1 |a газовые месторождения 
610 1 |a библиотека К. В. Радугина 
675 |a 55(571.1)  |v 3 
702 1 |a Рыбьев  |b Б. А.  |4 651 
801 1 |a RU  |b 63413507  |c 20130206 
801 2 |a RU  |b 63413507  |c 20150508  |g RCR 
942 |c BK